[Event "C.to Provinciale CO"]
[Site "Villa Guardia ITA"]
[Date "2000.01.14"]
[Round "1"]
[White "Guerrini, Donato"]
[Black "Gisolini, Michele"]
[Result "1-0"]
[WhiteElo "1969"]
[BlackElo "1561"]
[PlyCount "63"]
[EventDate "2000.01.14"]

1. e4 e5 2. Nf3 Nc6 3. d4 d6 4. dxe5 Bg4 5. exd6 Bxd6 6. Be2 Nf6 7. Nc3 O-O 8.
Bg5 h6 9. Bh4 Re8 10. Nd2 Bxe2 11. Qxe2 Qe7 12. O-O-O Qe6 13. f3 a6 14. Qc4
Qxc4 15. Nxc4 Bf4+ 16. Kb1 Nh7 17. Bg3 Bxg3 18. hxg3 Nf8 19. Nd5 Rac8 20. Nce3
Ne7 21. Rd3 Nxd5 22. Nxd5 c6 23. Nb6 Rcd8 24. Rhd1 Rxd3 25. Rxd3 f6 26. b4 Kf7
27. Nc4 Ke6 28. Nd6 Re7 29. Nf5 Rc7 30. Rd8 Kf7 31. Rb8 Rd7 32. Rxb7 1-0

[Event "C.to Provinciale CO"]
[Site "Villa Guardia ITA"]
[Date "2000.01.14"]
[Round "1"]
[White "Liscio, Giovanni"]
[Black "Bernasconi, Roberto"]
[Result "1-0"]
[WhiteElo "1816"]
[BlackElo "1500"]
[PlyCount "81"]
[EventDate "2000.01.14"]

1. d4 Nf6 2. Nf3 d5 3. c4 c6 4. e3 Nbd7 5. Nc3 e6 6. Bd3 Bd6 7. O-O O-O 8. e4
dxe4 9. Nxe4 Nxe4 10. Bxe4 Nf6 11. Bc2 h6 12. a3 b6 13. b4 Bb7 14. Bb2 c5 15.
dxc5 Be7 16. cxb6 axb6 17. Qe2 Qc7 18. Rac1 Rac8 19. Rfd1 Rfd8 20. Re1 Ba8 21.
Ne5 Qb7 22. f3 Bd6 23. Bb3 Rc7 24. Rcd1 Re7 25. Rd2 Qb8 26. Red1 Ree8 27. Kh1
Kf8 28. Ba4 Re7 29. Bc6 Ne8 30. c5 Bc7 31. Rxd8 Bxd8 32. Nd7+ Rxd7 33. Bxd7
bxc5 34. bxc5 Nf6 35. Bxf6 Bxf6 36. c6 Be5 37. Qc4 Qc7 38. h3 Bd6 39. Qa6 Qb8
40. Rxd6 Qxd6 41. Qxa8+ 1-0

[Event "C.to Provinciale CO"]
[Site "Villa Guardia ITA"]
[Date "2000.01.14"]
[Round "1"]
[White "Napoli, Ferdinando"]
[Black "Cairoli, Camillo"]
[Result "0-1"]
[WhiteElo "1546"]
[BlackElo "1918"]
[PlyCount "64"]
[EventDate "2000.01.14"]

1. e4 c5 2. Nf3 Nc6 3. d4 cxd4 4. Nxd4 Qc7 5. Nc3 Nf6 6. f4 d6 7. Be2 a6 8. Be3
e5 9. Nxc6 Qxc6 10. Bf3 Be6 11. O-O Rc8 12. Rf2 Qc7 13. Rd2 Be7 14. f5 Bd7 15.
Qe1 Bc6 16. Rad1 O-O 17. Qf2 b5 18. a3 Qb7 19. Bg5 Ne8 20. f6 Bxf6 21. Bxf6
Nxf6 22. Rxd6 Qe7 23. Qd2 h6 24. g3 Nh7 25. Bg4 Rc7 26. Qe3 Rb8 27. Bh3 b4 28.
axb4 Rxb4 29. b3 Nf6 30. Qc5 Rb8 31. Qc4 Bxe4 32. Qxa6 Rxc3 0-1

[Event "C.to Provinciale CO"]
[Site "Villa Guardia ITA"]
[Date "2000.01.14"]
[Round "1"]
[White "Pede, Lucio"]
[Black "Perissinotto, Claudio"]
[Result "0-1"]
[WhiteElo "1570"]
[BlackElo "2130"]
[PlyCount "66"]
[EventDate "2000.01.14"]

1. e4 d6 2. d4 Nf6 3. Nc3 g6 4. f4 Bg7 5. Nf3 c5 6. dxc5 Qa5 7. Bb5+ Bd7 8.
cxd6 Nxe4 9. Bxd7+ Nxd7 10. Ne5 Nxc3 11. bxc3 Nxe5 12. fxe5 Qxe5+ 13. Kf2 Qxd6
14. Qxd6 exd6 15. Rd1 O-O-O 16. Bb2 Rhe8 17. Rd3 Re6 18. Re1 Rxe1 19. Kxe1 Kd7
20. Rf3 Re8+ 21. Kd2 f5 22. Bc1 Bh6+ 23. Kd1 Bxc1 24. Kxc1 Re2 25. g4 fxg4 26.
Rf7+ Re7 27. Rf8 h5 28. Kd2 Ke6 29. Rg8 Kf7 30. Rd8 h4 31. Rxd6 g3 32. hxg3 h3
33. Rd3 Kf6 0-1

[Event "C.to Provinciale CO"]
[Site "Villa Guardia ITA"]
[Date "2000.01.14"]
[Round "1"]
[White "Rossi, Silio"]
[Black "Larghi, Riccardo"]
[Result "0-1"]
[WhiteElo "1516"]
[BlackElo "1842"]
[PlyCount "103"]
[EventDate "2000.01.14"]

1. b3 d5 2. Bb2 Bf5 3. Nf3 e6 4. e3 Nf6 5. Nd4 Bg6 6. Be2 c5 7. Nf3 Be7 8. O-O
O-O 9. d4 Nbd7 10. dxc5 Nxc5 11. Nc3 Nfe4 12. Nxe4 Nxe4 13. Bd4 Bf6 14. Bd3 Nc3
15. Qd2 Ne4 16. Qb4 b6 17. Qe1 Nc5 18. Bxg6 hxg6 19. h3 Rc8 20. Qe2 Ne4 21.
Rfc1 Nc3 22. Qd3 Qd6 23. a4 Rfd8 24. Bxf6 gxf6 25. Nd4 a5 26. Nb5 Qc5 27. Nxc3
Qxc3 28. Qxc3 Rxc3 29. Ra2 Rdc8 30. Rb2 Kf8 31. Kf1 Ke7 32. Ke2 Kd6 33. Kd2 e5
34. b4 Ra3 35. bxa5 bxa5 36. Rb6+ Rc6 37. Rb7 Ke6 38. Ra7 Rxa4 39. Rb1 Ra2 40.
Rc1 f5 41. g3 a4 42. h4 Ra3 43. Rb7 Rac3 44. Rb4 a3 45. Ra4 Kf6 46. Ra7 d4 47.
Ra4 d3 48. f4 e4 49. Ra1 Rxc2+ 50. Kd1 Rh2 51. R4xa3 Rh1+ 52. Kd2 0-1

[Event "C.to Provinciale CO"]
[Site "Villa Guardia ITA"]
[Date "2000.01.14"]
[Round "1"]
[White "Zecca, Carlo"]
[Black "Coppola, Guido"]
[Result "0-1"]
[WhiteElo "1500"]
[BlackElo "1803"]
[PlyCount "50"]
[EventDate "2000.01.14"]

1. e4 c5 2. Nf3 d6 3. d4 cxd4 4. Nxd4 Nf6 5. Nc3 a6 6. Bg5 e6 7. f4 Be7 8. Qf3
Qc7 9. O-O-O Nbd7 10. g4 b5 11. Bxf6 Nxf6 12. g5 Nd7 13. Qh5 g6 14. Qf3 b4 15.
Na4 Bb7 16. h4 Rc8 17. b3 e5 18. fxe5 dxe5 19. Bc4 Rf8 20. h5 exd4 21. hxg6
hxg6 22. Qg4 Ne5 23. Qh3 Nxc4 24. Rxd4 Bxg5+ 25. Kd1 Ne3+ 0-1

[Event "C.to Provinciale CO"]
[Site "Villa Guardia ITA"]
[Date "2000.01.21"]
[Round "2"]
[White "Bernasconi, Roberto"]
[Black "Corti, Filippo"]
[Result "0-1"]
[WhiteElo "1500"]
[BlackElo "1615"]
[PlyCount "98"]
[EventDate "2000.01.14"]

1. d4 Nf6 2. Nf3 g6 3. g3 Bg7 4. Bg2 O-O 5. O-O d6 6. c3 c6 7. Nbd2 Nbd7 8. e4
Qc7 9. Qc2 e5 10. Nb3 a5 11. a4 b5 12. axb5 cxb5 13. dxe5 dxe5 14. Nbd2 Bb7 15.
b3 Nc5 16. Ne1 Rfd8 17. Bb2 Bh6 18. Rd1 Bxd2 19. Rxd2 Ncxe4 20. Re2 Nc5 21. c4
Bxg2 22. Kxg2 Qb7+ 23. Kg1 bxc4 24. bxc4 Qc6 25. Rxe5 Nfd7 26. Re3 Re8 27. Qc3
f6 28. Ng2 Na4 29. Qc2 Nxb2 30. Qxb2 Reb8 31. Qa2 Nc5 32. Ra3 a4 33. Ne3 Rb7
34. Rb1 Rab8 35. Rxb7 Rxb7 36. Nd5 Kg7 37. Nc3 Qf3 38. Nxa4 Qd1+ 39. Kg2 Nxa4
40. Rxa4 Rb1 41. Kh3 Qf1+ 42. Kh4 g5+ 43. Kg4 Qd1+ 44. Kf5 Qf3+ 45. Ke6 Rb6+
46. Ke7 Qe4+ 47. Kd7 Qc6+ 48. Kd8 Qd6+ 49. Kc8 Rb8# 0-1

[Event "C.to Provinciale CO"]
[Site "Villa Guardia ITA"]
[Date "2000.01.21"]
[Round "2"]
[White "Buonocore, Elio"]
[Black "Corti, Corrado"]
[Result "1-0"]
[WhiteElo "2093"]
[BlackElo "1795"]
[PlyCount "115"]
[EventDate "2000.01.14"]

1. e4 c5 2. c3 e6 3. d4 cxd4 4. cxd4 d5 5. e5 Nc6 6. Nc3 Nge7 7. Nf3 Ng6 8. Bd3
Be7 9. h4 Nf8 10. Bf4 a6 11. a3 Bd7 12. Ne2 Qb6 13. b4 Na7 14. Nc3 Nb5 15. Na4
Qa7 16. Nc5 Bc6 17. O-O Nd7 18. a4 Nxc5 19. dxc5 Nc7 20. Nd4 Bd7 21. Qg4 g6 22.
Bg5 Bxg5 23. Qxg5 Qb8 24. Ra3 Qd8 25. Qg3 Qe7 26. a5 O-O 27. h5 Be8 28. Bc2 f5
29. exf6 Rxf6 30. Re3 Qg7 31. h6 Qf7 32. Rfe1 Bb5 33. Nf3 Rf8 34. Ne5 Qe7 35.
Rf3 Rxf3 36. Nxf3 Ne8 37. Ng5 Rf6 38. Qb8 Qc7 39. Qxc7 Nxc7 40. g3 Bd7 41. f4
Nb5 42. Nf3 Be8 43. Ne5 Nd4 44. Bd3 Rf8 45. Kg2 Rf6 46. Bb1 Kf8 47. Rd1 Nf5 48.
Bxf5 gxf5 49. Rh1 Ke7 50. Rh5 Bc6 51. Kf2 Be8 52. Rg5 Rxh6 53. Rg7+ Kd8 54.
Rxb7 Rh1 55. c6 Rb1 56. Rb8+ Kc7 57. Rxe8 Rxb4 58. Re7+ 1-0

[Event "C.to Provinciale CO"]
[Site "Villa Guardia ITA"]
[Date "2000.01.25"]
[Round "2"]
[White "Cairoli, Camillo"]
[Black "Petetta, Roberto"]
[Result "1-0"]
[WhiteElo "1918"]
[BlackElo "1627"]
[PlyCount "87"]
[EventDate "2000.01.14"]

1. d4 d5 2. Nf3 Nf6 3. Bg5 e6 4. e3 Be7 5. Bd3 Nbd7 6. Nbd2 c5 7. c3 c4 8. Bc2
a6 9. O-O b5 10. e4 dxe4 11. Nxe4 Bb7 12. Ng3 O-O 13. Qe2 Nd5 14. Bd2 Bd6 15.
Ne5 Nxe5 16. dxe5 Bc5 17. Qh5 g6 18. Qe2 Qh4 19. Ne4 Bb6 20. g3 Qe7 21. Bh6
Rfe8 22. Bg5 Qd7 23. Qd2 Qc6 24. Bf6 Nxf6 25. Nxf6+ Kf8 26. Be4 Qc7 27. Bxb7
Qxb7 28. Qh6+ Ke7 29. Nxe8 Kxe8 30. Qxh7 Rd8 31. Qh8+ Ke7 32. Qf6+ Kf8 33. Rad1
Rd5 34. Qf3 Qd7 35. Rxd5 exd5 36. Rd1 d4 37. Qa8+ Ke7 38. Qxa6 Qg4 39. Qb7+ Kf8
40. Re1 Qe6 41. cxd4 Bxd4 42. Qxb5 Qf5 43. Qb4+ Kg7 44. Qd2 1-0

[Event "C.to Provinciale CO"]
[Site "Villa Guardia ITA"]
[Date "2000.01.25"]
[Round "2"]
[White "Caprioglio, Marco"]
[Black "Rossi, Silio"]
[Result "1/2-1/2"]
[WhiteElo "1600"]
[BlackElo "1516"]
[PlyCount "115"]
[EventDate "2000.01.14"]

1. e4 c5 2. Nf3 Nc6 3. d4 cxd4 4. Nxd4 Qb6 5. Nb3 e6 6. Nc3 Bb4 7. Bd2 Nf6 8.
a3 Bxc3 9. Bxc3 Nxe4 10. Bd4 Nxd4 11. Qxd4 Qxd4 12. Nxd4 a6 13. Bd3 Nc5 14. Be2
b5 15. O-O Bb7 16. Rad1 Na4 17. b3 Nc3 18. Rd3 Nxe2+ 19. Nxe2 d5 20. Nd4 Rc8
21. Rg3 g6 22. Re1 O-O 23. h4 Rfe8 24. Re2 Re7 25. h5 Rec7 26. hxg6 hxg6 27.
Re5 Kg7 28. Rh5 Rh8 29. Rhg5 Bc8 30. Re3 Rh4 31. Nf3 Rh6 32. Nd4 Kf6 33. Rgg3
Bd7 34. Rgf3+ Kg7 35. Rc3 Rb7 36. Nc6 Be8 37. Ne5 Rh5 38. Ng4 f5 39. Ne5 Kf6
40. Rc8 Rbh7 41. Kf1 Rh1+ 42. Ke2 Bf7 43. Nxf7 Rxf7 44. Ra8 Rc7 45. Kd2 Rc6 46.
Rc3 Rd6 47. Rc7 Ra1 48. f4 g5 49. Rf8+ Kg6 50. Rg8+ Kh5 51. Rxg5+ Kh6 52. Rcg7
Rf1 53. R5g6+ Kh5 54. g4+ fxg4 55. Rxg4 Kh6 56. Rg2 Rxf4 57. Rg8 Kh7 58. R2g7+
1/2-1/2

[Event "C.to Provinciale CO"]
[Site "Villa Guardia ITA"]
[Date "2000.01.21"]
[Round "2"]
[White "Casoli, Alfredo"]
[Black "Guerrini, Donato"]
[Result "1-0"]
[WhiteElo "1639"]
[BlackElo "1969"]
[PlyCount "101"]
[EventDate "2000.01.14"]

1. e4 e6 2. d4 d5 3. Nd2 Nf6 4. e5 Nfd7 5. Bd3 c5 6. c3 Nc6 7. Ne2 Qb6 8. Nf3
cxd4 9. cxd4 f6 10. exf6 Nxf6 11. O-O Bd6 12. a3 Bd7 13. h3 O-O 14. Nc3 e5 15.
Na4 Qc7 16. dxe5 Nxe5 17. Nxe5 Bxe5 18. Qb3 Kh8 19. Nc3 Rad8 20. Bd2 a6 21.
Rac1 Qb8 22. Ne2 Be6 23. Qc2 Bg8 24. Bg5 Rd7 25. Qd2 Nh5 26. Qb4 Bh2+ 27. Kh1
Nf4 28. Bxf4 Bxf4 29. Nxf4 Rxf4 30. Qc3 Qd6 31. Rce1 Rdf7 32. Kg1 Qb6 33. Re2
d4 34. Qc2 g5 35. g3 Rf3 36. Re4 Rc7 37. Qe2 Qf6 38. Re8 b5 39. Be4 Rf5 40.
Bxf5 Qxf5 41. Qd2 d3 42. Qe3 Kg7 43. Qd4+ Kf7 44. Re5 Qd7 45. Rd5 Qxh3 46. Qxd3
h6 47. Re1 Kg7 48. Qd4+ Kh7 49. Qe5 Kg6 50. Qxc7 Bxd5 51. Qd6+ 1-0

[Event "C.to Provinciale CO"]
[Site "Villa Guardia ITA"]
[Date "2000.01.21"]
[Round "2"]
[White "Colombo, Eugenio"]
[Black "Bevilacqua, Roberto"]
[Result "0-1"]
[WhiteElo "1618"]
[BlackElo "2051"]
[PlyCount "114"]
[EventDate "2000.01.14"]

1. e4 d5 2. e5 Bf5 3. d4 e6 4. Nf3 c5 5. Bb5+ Nc6 6. O-O Rc8 7. c3 a6 8. Bd3
Bg4 9. Be2 Qb6 10. Nbd2 c4 11. h3 Bh5 12. b3 cxb3 13. axb3 Be7 14. Ba3 Bxa3 15.
Rxa3 Nge7 16. c4 Bxf3 17. c5 Bxe2 18. Qxe2 Qb4 19. Ra4 Qc3 20. Nf3 Nf5 21. Rd1
Qxb3 22. Raa1 Qb5 23. Qd2 a5 24. Rab1 Nb4 25. g4 Ne7 26. Qf4 O-O 27. g5 Qd7 28.
h4 Nf5 29. h5 Qe7 30. Kh2 Kh8 31. Rg1 b6 32. h6 g6 33. cxb6 Rc2 34. Nh4 Nxd4
35. Qxd4 Rc4 36. Qe3 Rxh4+ 37. Kg3 Re4 38. Qd2 Qc5 39. f4 Qxb6 40. Rgf1 Qe3+
41. Qxe3 Rxe3+ 42. Kf2 Rc3 43. Ra1 Rc5 44. Rfb1 Rfc8 45. Rb3 Kg8 46. Rba3 Nc2
47. Rxa5 Nxa1 48. Rxa1 Kf8 49. Kf3 Rc3+ 50. Kg4 d4 51. Rd1 Rd8 52. f5 d3 53.
fxg6 fxg6 54. Kf4 d2 55. Ke4 Rc1 56. Rxd2 Rxd2 57. Ke3 Ra2 0-1

[Event "C.to Provinciale CO"]
[Site "Villa Guardia ITA"]
[Date "2000.01.21"]
[Round "2"]
[White "Coppola, Guido"]
[Black "Colombo, Alberto"]
[Result "1/2-1/2"]
[WhiteElo "1803"]
[BlackElo "2165"]
[PlyCount "95"]
[EventDate "2000.01.14"]

1. e4 e6 2. d4 d5 3. e5 c5 4. c3 Nc6 5. Nf3 Bd7 6. a3 f6 7. exf6 Nxf6 8. Bd3
cxd4 9. cxd4 Qb6 10. Nc3 Bd6 11. O-O O-O 12. b4 e5 13. dxe5 Nxe5 14. Nxe5 Bxe5
15. Nxd5 Qd6 16. Nxf6+ Rxf6 17. Bc4+ Kh8 18. Qxd6 Rxd6 19. Ra2 Rc8 20. Re2 Bc3
21. Re4 Bf5 22. Rf4 g6 23. Be2 Re8 24. Be3 a6 25. Rc4 Bb2 26. a4 Rd7 27. b5
axb5 28. axb5 Kg7 29. b6 Red8 30. g4 Be6 31. Rc2 Be5 32. Rfc1 Bb3 33. Rc5 Bf6
34. Rc7 Be5 35. R7c5 Bd6 36. R5c3 Bd5 37. Bb5 Rf7 38. Rc8 Rxc8 39. Rxc8 Rf8 40.
Rc1 Bf3 41. h3 Be5 42. Bf1 h5 43. gxh5 gxh5 44. Bg2 Bxg2 45. Kxg2 Kg6 46. Rc5
Rf5 47. Rd5 Bb8 48. Rd7 1/2-1/2

[Event "C.to Provinciale CO"]
[Site "Villa Guardia ITA"]
[Date "2000.01.21"]
[Round "2"]
[White "Orsenigo, Davide"]
[Black "Pede, Lucio"]
[Result "1/2-1/2"]
[WhiteElo "1425"]
[BlackElo "1570"]
[PlyCount "21"]
[EventDate "2000.01.14"]

1. e4 e6 2. d4 d5 3. Nc3 Bb4 4. e5 c5 5. Qg4 Bxc3+ 6. bxc3 g6 7. Bg5 Qa5 8. Ne2
c4 9. Qf4 h6 10. Bf6 Rh7 11. Kd2 1/2-1/2

[Event "C.to Provinciale CO"]
[Site "Villa Guardia ITA"]
[Date "2000.01.21"]
[Round "2"]
[White "Perissinotto, Claudio"]
[Black "Bellotto, Stefano"]
[Result "1/2-1/2"]
[WhiteElo "2130"]
[BlackElo "1701"]
[PlyCount "72"]
[EventDate "2000.01.14"]

1. e4 d6 2. d4 Nf6 3. Nc3 c6 4. f4 Qa5 5. Bd2 e5 6. dxe5 dxe5 7. f5 Qb4 8. Bd3
Qxb2 9. Nf3 Nbd7 10. O-O Qb6+ 11. Kh1 Bd6 12. Qe1 h6 13. Qh4 Rg8 14. g4 Qc7 15.
g5 hxg5 16. Nxg5 b5 17. a4 b4 18. Ne2 c5 19. Bc4 Rf8 20. Nh7 Rg8 21. Bg5 Bb7
22. Ng3 O-O-O 23. Nxf6 Nxf6 24. Bxf6 gxf6 25. Qxf6 Rdf8 26. Rfe1 Be7 27. Qh6
Bg5 28. Qh3 Bf4 29. Qg2 Qe7 30. Rad1 Qh4 31. Rd3 Bxg3 32. Rxg3 Rxg3 33. Qxg3
Bxe4+ 34. Kg1 Qxg3+ 35. hxg3 Bxf5 36. Rxe5 Bxc2 1/2-1/2

[Event "C.to Provinciale CO"]
[Site "Villa Guardia ITA"]
[Date "2000.01.21"]
[Round "2"]
[White "Regorda, Vittorio"]
[Black "Boffi, Luigi"]
[Result "1-0"]
[WhiteElo "1573"]
[BlackElo "1461"]
[PlyCount "140"]
[EventDate "2000.01.14"]

1. d4 g6 2. c4 Bg7 3. g3 Nf6 4. Bg2 O-O 5. Nf3 d5 6. b3 c6 7. Bb2 Nbd7 8. O-O
Ne4 9. Nbd2 Nxd2 10. Qxd2 Nf6 11. Rac1 Bf5 12. Nh4 Bg4 13. Rc2 Bd7 14. Rfc1 e6
15. Nf3 a5 16. a4 Qb6 17. Qd3 Rfc8 18. Ne5 Be8 19. Ba3 Qd8 20. c5 Nd7 21. f4
Nxe5 22. dxe5 Bd7 23. Bb2 Qc7 24. Bd4 Rf8 25. Qc3 Qd8 26. Rf1 Qe7 27. e3 Qd8
28. Rcf2 f5 29. Bf3 g5 30. Rg2 g4 31. Be2 h5 32. h3 Kf7 33. h4 Qc7 34. Rd1 Rfb8
35. Rb1 Bf8 36. Bd1 Be7 37. Rgb2 Bd8 38. b4 Bc8 39. b5 cxb5 40. Rxb5 Bd7 41.
R5b2 Bc6 42. Qb3 Qc8 43. Be2 Qd7 44. Bb5 Qc8 45. Qd3 Bc7 46. Qd2 Kg6 47. Rb3
Qd8 48. R1b2 Kf7 49. Bc3 Kg6 50. Qe1 Kf7 51. Qb1 Ke7 52. Bxc6 bxc6 53. Rxb8
Rxb8 54. Rxb8 Bxb8 55. Qb6 Bc7 56. Qb7 Qb8 57. Qxb8 Bxb8 58. Bxa5 Kd7 59. Kf2
Kc8 60. Ke2 Kb7 61. Kd3 Ka6 62. Bd8 Ba7 63. Kd4 Bb8 64. Kc3 Ba7 65. Kb4 Bb8 66.
Bb6 Bxe5 67. fxe5 d4 68. Bd8 dxe3 69. Kc3 e2 70. Kd2 f4 1-0

[Event "C.to Provinciale CO"]
[Site "Villa Guardia ITA"]
[Date "2000.01.28"]
[Round "3"]
[White "Bellotto, Stefano"]
[Black "Coppola, Guido"]
[Result "1-0"]
[WhiteElo "1701"]
[BlackElo "1803"]
[PlyCount "59"]
[EventDate "2000.01.14"]

1. d4 Nf6 2. c4 g6 3. Nc3 d5 4. cxd5 Nxd5 5. Nf3 Bg7 6. Qb3 Nxc3 7. bxc3 O-O 8.
Bg5 Nd7 9. e3 c5 10. Rd1 cxd4 11. cxd4 Nf6 12. Bc4 Qa5+ 13. Rd2 Ne4 14. Bxe7
Bg4 15. Bb4 Qh5 16. Bxf8 Rxf8 17. Rc2 Bxf3 18. gxf3 Qa5+ 19. Ke2 Nd6 20. Bd3
Re8 21. Rc5 Qd8 22. Rd5 Qc7 23. Kd2 b5 24. Rc1 Nc4+ 25. Bxc4 bxc4 26. Qxc4 Qxh2
27. Ke2 Bh6 28. Rc3 Bf4 29. Rd7 Re6 30. Qxe6 1-0

[Event "C.to Provinciale CO"]
[Site "Villa Guardia ITA"]
[Date "2000.01.28"]
[Round "3"]
[White "Bevilacqua, Roberto"]
[Black "Casoli, Alfredo"]
[Result "1-0"]
[WhiteElo "2051"]
[BlackElo "1639"]
[PlyCount "69"]
[EventDate "2000.01.14"]

1. d4 Nf6 2. c4 e6 3. Nc3 Bb4 4. Qc2 c5 5. a3 cxd4 6. axb4 dxc3 7. bxc3 Nc6 8.
Nf3 d6 9. e4 e5 10. Be2 b6 11. Nd2 O-O 12. Nf1 h6 13. Ne3 Ne7 14. O-O Qc7 15.
Bd2 Bb7 16. Nd5 Nfxd5 17. cxd5 Bc8 18. f4 f5 19. fxe5 dxe5 20. Rad1 Qd6 21. c4
f4 22. c5 bxc5 23. bxc5 Qg6 24. Bc3 Qg5 25. Kh1 Kh8 26. c6 Rf6 27. Bb4 Rg6 28.
Bf3 Ba6 29. Rf2 Nc8 30. d6 Nxd6 31. Rxd6 Rxd6 32. Bxd6 Qf6 33. Qc5 Rc8 34. Bg4
Re8 35. Bd7 1-0

[Event "C.to Provinciale CO"]
[Site "Villa Guardia ITA"]
[Date "2000.01.28"]
[Round "3"]
[White "Gagliardi, Christian"]
[Black "Gisolini, Michele"]
[Result "1-0"]
[WhiteElo "1918"]
[BlackElo "1561"]
[PlyCount "41"]
[EventDate "2000.01.14"]

1. e4 e5 2. f4 exf4 3. Nf3 d6 4. Bc4 Qf6 5. Nc3 Ne7 6. O-O g5 7. d4 Nbc6 8. e5
dxe5 9. Ne4 Qg6 10. Nexg5 Be6 11. Nxe6 fxe6 12. Nxe5 Nxe5 13. dxe5 Rg8 14. Qf3
O-O-O 15. Bxf4 Nd5 16. Bd3 Qg7 17. Bg3 Be7 18. Qf7 Qh6 19. Qxh7 Bc5+ 20. Bf2
Qxh2+ 21. Qxh2 1-0

[Event "C.to Provinciale CO"]
[Site "Villa Guardia ITA"]
[Date "2000.01.28"]
[Round "3"]
[White "Guerrini, Donato"]
[Black "Grassetto, Gilberto"]
[Result "1/2-1/2"]
[WhiteElo "1969"]
[BlackElo "1516"]
[PlyCount "117"]
[EventDate "2000.01.14"]

1. b4 d5 2. Nf3 Nf6 3. Bb2 Nbd7 4. d3 e6 5. b5 b6 6. Nbd2 Bb7 7. g3 Bd6 8. Bg2
O-O 9. O-O a6 10. c4 dxc4 11. Nxc4 Qe7 12. Nxd6 Qxd6 13. bxa6 Rxa6 14. d4 Rfa8
15. a3 b5 16. Qd3 Be4 17. Qd2 Nb6 18. Ne5 Bxg2 19. Kxg2 Nfd7 20. f4 Nxe5 21.
fxe5 Qd5+ 22. Kg1 Nc4 23. Qc1 Qd7 24. Rf3 Nxb2 25. Qxb2 b4 26. Rb3 Rxa3 27.
Rbxa3 bxa3 28. Qb7 Qd8 29. Qb4 h6 30. e3 Qf8 31. Qc3 a2 32. Kf2 Ra3 33. Qc2 Ra5
34. Kf3 c5 35. dxc5 Qxc5 36. Qxc5 Rxc5 37. Rxa2 Rxe5 38. Ra4 g5 39. h4 Kg7 40.
hxg5 hxg5 41. Ra7 Kg6 42. Ra8 Kf5 43. Ra4 Kg6 44. Ra8 f5 45. Rg8+ Kf6 46. Rf8+
Ke7 47. Ra8 g4+ 48. Kf2 Rc5 49. Ra4 Kd6 50. e4 Ke5 51. exf5 exf5 52. Ke3 Rc3+
53. Kf2 Rd3 54. Rb4 Rd4 55. Rb8 Ke4 56. Re8+ Kd3 57. Re5 f4 58. gxf4 Rxf4+ 59.
Kg3 1/2-1/2

[Event "C.to Provinciale CO"]
[Site "Villa Guardia ITA"]
[Date "2000.01.28"]
[Round "3"]
[White "Larghi, Riccardo"]
[Black "Buonocore, Elio"]
[Result "1/2-1/2"]
[WhiteElo "1842"]
[BlackElo "2093"]
[PlyCount "55"]
[EventDate "2000.01.14"]

1. e4 e5 2. Nc3 Nc6 3. Bc4 Nf6 4. d3 Na5 5. Bg5 h6 6. Be3 c6 7. Qe2 b5 8. Bb3
b4 9. Na4 d6 10. f4 Ng4 11. Nf3 Nxe3 12. Qxe3 Qc7 13. fxe5 dxe5 14. Bc4 Be7 15.
b3 O-O 16. Nb2 Nb7 17. Ba6 Bc5 18. Qd2 Nd6 19. Bxc8 Nxc8 20. Nc4 f6 21. a4 Ne7
22. O-O-O a5 23. Rhf1 Qa7 24. Nh4 Nd5 25. Nf5 Nc3 26. Rf3 Bd4 27. Rg3 Na2+ 28.
Kb1 1/2-1/2

[Event "C.to Provinciale CO"]
[Site "Villa Guardia ITA"]
[Date "2000.01.28"]
[Round "3"]
[White "Liscio, Giovanni"]
[Black "Cairoli, Camillo"]
[Result "1/2-1/2"]
[WhiteElo "1816"]
[BlackElo "1918"]
[PlyCount "56"]
[EventDate "2000.01.14"]

1. d4 Nf6 2. Nf3 b6 3. c4 e6 4. Nc3 Bb7 5. e3 Be7 6. Bd3 d5 7. O-O O-O 8. b3
Nbd7 9. Bb2 Ne4 10. Rc1 f5 11. Ne5 c5 12. f3 Nxe5 13. dxe5 Nxc3 14. Bxc3 d4 15.
exd4 cxd4 16. Bb2 Bc5 17. a3 a5 18. Qe2 Qe7 19. b4 axb4 20. axb4 Bxb4 21. Bxd4
Bc5 22. Bxc5 bxc5 23. Rb1 Rfd8 24. Rb6 Ra3 25. Rd1 Ra6 26. Qb2 Rxb6 27. Qxb6
Bc8 28. Be2 Rxd1+ 1/2-1/2

[Event "C.to Provinciale CO"]
[Site "Villa Guardia ITA"]
[Date "2000.01.28"]
[Round "3"]
[White "Napoli, Ferdinando"]
[Black "Zecca, Carlo"]
[Result "1-0"]
[WhiteElo "1546"]
[BlackElo "1500"]
[PlyCount "81"]
[EventDate "2000.01.14"]

1. b3 e5 2. Bb2 Nc6 3. e3 Nf6 4. Nf3 Be7 5. Nxe5 Nxe5 6. Bxe5 d6 7. Bb2 Bf5 8.
Nc3 O-O 9. d4 d5 10. Bd3 Bxd3 11. Qxd3 c6 12. O-O-O a5 13. e4 dxe4 14. Nxe4
Nxe4 15. Qxe4 Bf6 16. Rhe1 Qd6 17. d5 cxd5 18. Rxd5 Bxb2+ 19. Kxb2 Qf6+ 20. Qd4
Qxd4+ 21. Rxd4 Rad8 22. Rde4 Rd2 23. R4e2 Rd5 24. Re5 Rxe5 25. Rxe5 b6 26. a3
f6 27. Re2 Kf7 28. a4 Rd8 29. c3 Rd1 30. b4 Rh1 31. h3 Rg1 32. f3 Kg6 33. bxa5
bxa5 34. c4 Rd1 35. c5 Rd8 36. Kc3 Rc8 37. Kc4 Kf7 38. Kd5 Re8 39. Rxe8 Kxe8
40. Kc6 Kd8 41. Kb7 1-0

[Event "C.to Provinciale CO"]
[Site "Villa Guardia ITA"]
[Date "2000.01.28"]
[Round "3"]
[White "Pede, Lucio"]
[Black "Caprioglio, Marco"]
[Result "1/2-1/2"]
[WhiteElo "1570"]
[BlackElo "1600"]
[PlyCount "55"]
[EventDate "2000.01.14"]

1. e4 c5 2. c3 d6 3. d4 cxd4 4. cxd4 e6 5. Nf3 Nf6 6. Nc3 a6 7. Bd3 Be7 8. O-O
b5 9. Bd2 Bb7 10. Re1 Nc6 11. d5 Nb4 12. Qe2 exd5 13. exd5 Nxd3 14. Qxd3 O-O
15. Nd4 Re8 16. Rac1 Rc8 17. Nf5 b4 18. Na4 Rxc1 19. Rxc1 Nxd5 20. Qg3 Bf6 21.
Qxd6 Be5 22. Qxd8 Rxd8 23. Nc5 Bc8 24. Ne3 Bxb2 25. Rc2 Nxe3 26. fxe3 Be5 27.
Bxb4 Bf5 28. Rd2 1/2-1/2

[Event "C.to Provinciale CO"]
[Site "Villa Guardia ITA"]
[Date "2000.01.30"]
[Round "3"]
[White "Petetta, Roberto"]
[Black "Pino, Nicola"]
[Result "0-1"]
[WhiteElo "1627"]
[BlackElo "1492"]
[PlyCount "84"]
[EventDate "2000.01.14"]

1. d4 d5 2. c4 c6 3. Nc3 dxc4 4. e4 b5 5. g3 Bb7 6. Bg2 a6 7. Nge2 Nf6 8. O-O
e6 9. Bg5 Be7 10. Qc2 O-O 11. Rad1 Re8 12. Bc1 Nbd7 13. f4 Qb6 14. Kh1 Rad8 15.
e5 Nd5 16. Nxd5 cxd5 17. f5 exf5 18. Rxf5 g6 19. Rf2 Nxe5 20. Rdf1 Nd3 21. Rxf7
Qe6 22. Bh6 Qxf7 23. Rxf7 Kxf7 24. b3 Bf6 25. bxc4 bxc4 26. h4 Nf2+ 27. Kg1 Ng4
28. Bc1 Ne3 29. Qd2 Nxg2 30. Kxg2 Re4 31. Bb2 Rde8 32. Ng1 Bc8 33. Bc3 Re3 34.
Kf2 Rd3 35. Qb2 Re7 36. Nf3 Ree3 37. Ne5+ Bxe5 38. dxe5 Rxc3 39. Qb8 Rf3+ 40.
Ke2 Bg4 41. Qc7+ Kg8 42. Qd8+ Rf8+ 0-1

[Event "C.to Provinciale CO"]
[Site "Villa Guardia ITA"]
[Date "2000.01.28"]
[Round "3"]
[White "Rossi, Silio"]
[Black "Orsenigo, Davide"]
[Result "1-0"]
[WhiteElo "1516"]
[BlackElo "1425"]
[PlyCount "77"]
[EventDate "2000.01.14"]

1. b4 e5 2. Bb2 Bxb4 3. Bxe5 Nf6 4. h3 Nc6 5. Bh2 d6 6. c3 Ba5 7. Na3 Bd7 8. e3
Ne4 9. Qc2 Bf5 10. Bd3 Qe7 11. Nf3 d5 12. Nb5 O-O 13. O-O Bg6 14. Rae1 a6 15.
Nbd4 Nxd4 16. exd4 Qf6 17. Ne5 Qd8 18. Nxg6 fxg6 19. Bxe4 dxe4 20. Rxe4 c6 21.
Qb3+ Qd5 22. Qxd5+ cxd5 23. Re5 Rad8 24. Re7 b5 25. Be5 Rf7 26. Re6 Ra7 27. a3
Kf7 28. Rc6 Rdd7 29. Rc8 Bd8 30. Bg3 Be7 31. Ra1 h6 32. Kf1 Rdb7 33. Be5 Rd7
34. f3 Bd8 35. a4 bxa4 36. Rxa4 a5 37. Rb8 Re7 38. Rxd8 Reb7 39. Rxd5 1-0

[Event "C.to Provinciale CO"]
[Site "Villa Guardia ITA"]
[Date "2000.02.04"]
[Round "4"]
[White "Bernasconi, Roberto"]
[Black "Petetta, Roberto"]
[Result "1-0"]
[WhiteElo "1500"]
[BlackElo "1627"]
[PlyCount "93"]
[EventDate "2000.01.14"]

1. e4 c5 2. Nf3 Nc6 3. d4 cxd4 4. Nxd4 Nf6 5. Nc3 e5 6. Nf3 d6 7. Be2 Be6 8.
Ng5 Be7 9. Nxe6 fxe6 10. Bg5 O-O 11. Qd2 a6 12. a4 Nd4 13. O-O Rc8 14. Bd3 Nh5
15. Bxe7 Qxe7 16. Ne2 Nxe2+ 17. Bxe2 Nf4 18. Bf3 Qg5 19. Rad1 Rcd8 20. Kh1 Qe7
21. Rfe1 Qc7 22. c3 Qb6 23. Qc2 Ng6 24. Rd2 Nh4 25. Bg4 Rf6 26. Re3 Rc8 27. Qd1
Rcf8 28. Ree2 Rxf2 29. Rxf2 Rxf2 30. Bxe6+ Kh8 31. Qg1 Rxd2 32. Qxb6 Rd1+ 33.
Qg1 Rxg1+ 34. Kxg1 a5 35. Kf2 Ng6 36. g3 Ne7 37. Ke3 Nc6 38. Kd3 Nb8 39. Kc4
Na6 40. Bd5 Nc5 41. Kb5 b6 42. b4 axb4 43. cxb4 Nd7 44. Kc6 Nf6 45. a5 bxa5 46.
bxa5 Nxd5 47. Kxd5 1-0